| 000 | 00692nam a2200193 u 4500 | ||
|---|---|---|---|
| 001 | 000434547 | ||
| 003 | AM-YeHGA | ||
| 005 | 20250617133235.0 | ||
| 008 | 050526s1969 ||||||||||||||||||||rus d | ||
| 040 | _aAM-YeHGA | ||
| 041 | 0 | _arus | |
| 100 | 1 | _aЧемезов, В.Н. | |
| 245 | 1 | 0 |
_aПламенный большевик : _b(О жизни и деятельности С.Ю. Широких-Полянского) / _cВ.Н. Чемезов. |
| 260 |
_aЯкутск : _bЯкутское кн. изд-во, _c1969. |
||
| 300 | _a80 с. | ||
| 600 | 1 | 4 | _aШироких-Полянский, С.Ю. |
| 650 | 1 | 4 | _aИстория Коммунистической партии |
| 090 | _c164110 | ||
| 999 |
_c162697 _d162697 |
||